| 000 | 00646nam a2200157Ia 4500 | ||
|---|---|---|---|
| 003 | GCL | ||
| 008 | 140319s9999 xx 000 0 ara d | ||
| 040 |
_aGCL / _cGCL |
||
| 082 | 0 | 4 |
_aد _b050 _bد هـ |
| 245 | 1 | 0 | _aالهلال ديسمبر 2006 ( العدوان الثلاثى 50 عاما 1956 - 2006 ) |
| 260 |
_aالقاهرة : _bدار الهلال للطباعة والنشر ، _c2006 |
||
| 650 | 0 | 4 | _aالاعتداء الثلاثى على مصر 1956 |
| 650 | 0 | 4 | _aمصر - تاريخ - العصر الحديث - جمال عبدالناصر ( 1954-1970 ) |
| 650 | 0 | 4 | _aمصر - تاريخ - مقالات ومحاضرات |
| 942 |
_2ddc _cCR |
||
| 999 |
_c8996 _d8996 |
||